Αμπελουργείν

Αποθηκεύτηκε σε:
Λεπτομέρειες βιβλιογραφικής εγγραφής
Συγγραφή απο Οργανισμό/Αρχή: Κτήμα Χατζημιχάλη
Μορφή: Βιβλίο
Γλώσσα:Greek
Δημοσίευση: Αθήνα : Κτήμα Χατζημιχάλη, 1995
Θέματα:
Ετικέτες: Προσθήκη ετικέτας
Δεν υπάρχουν, Καταχωρήστε ετικέτα πρώτοι!

MARC

LEADER 00000nam a2200000 i 4500
001 1/3806
008 960424s1995 gre d
035 |l 10015350 
040 |a GR-MY-UA  |b gre  |e aacr 
041 0 |a gre 
082 0 |a 634.809495 
110 2 |a Κτήμα Χατζημιχάλη. 
245 1 0 |a Αμπελουργείν /  |c Κτήμα Χατζημιχάλη 
260 |a Αθήνα :   |b Κτήμα Χατζημιχάλη,   |c 1995 
300 |a 116 σ.  |b εικ. 
650 0 0 |a Viticulture  |z Greece  |x History. 
650 0 0 |a Wine and wine making  |z Greece. 
852 |a INST  |b LESVOS  |e 19960424  |h 634.809495 ΚΤΗ  |p 005100010504  |q 005100010504  |t BK  |y 0 
909 |a Λ  |b 044817 
922 |a 1ΔΩΡ  |b 199604